000 00485nam a2200181 4500
003 SEACOMMC
005 20240420142655.0
008 240420b |||||||| |||| 00| 0 eng d
020 _a 9789354600395
_c732.00
040 _aSEACOMMC
082 _a 658.1511
_bK45
100 _a Khan, M. Y
245 1 _aManagement accounting : text, problems and cases
_cM. Y Khan
250 _a8th ed.
260 _a New Delhi
_bMc Graw Hill
_c2015
650 _a Management accounting
942 _cBOOK
999 _c527
_d527